|
|
|
|
| LEADER |
00000nam a2200000Ia 4500 |
| 008 |
161020b1995 mx ||||| |||| 00| | spa d |
| 020 |
|
|
|a 9688425435
|
| 090 |
|
|
|a 12.03.01
|b 1056
|
| 100 |
1 |
|
|a Díaz Barriga, Ángel
|9 2099
|
| 245 |
1 |
0 |
|a Empleadores de universitarios. Un estudio de sus opiniones /
|c Ángel Díaz
|
| 260 |
|
|
|a México :
|b CESU,
|c 1995
|
| 300 |
|
|
|a 138 páginas
|
| 490 |
|
|
|a Colección Problemas educativos en México
|
| 650 |
1 |
4 |
|a EMPLEADORES
|9 591
|
| 650 |
1 |
4 |
|a GRADUADOS
|9 779
|
| 650 |
1 |
4 |
|a INVESTIGACIÓN CUALITATIVA
|9 317
|
| 650 |
1 |
4 |
|a ENTREVISTAS
|9 81
|
| 942 |
|
|
|i 001771
|h 12.03.01 1056
|2 z
|c 01
|
| 999 |
|
|
|c 423
|d 423
|